Welcome to CU Library Online Public Access Catalogue (OPAC)

Journeys by heart : (Record no. 9369)

MARC details
000 -LEADER
fixed length control field 00559pam a2200193 a 4500
001 - CONTROL NUMBER
control field 548976
005 - DATE AND TIME OF LATEST TRANSACTION
control field 20260421152600.0
008 - FIXED-LENGTH DATA ELEMENTS--GENERAL INFORMATION
fixed length control field 880801s1988 nyu b 001 0 eng
020 ## - INTERNATIONAL STANDARD BOOK NUMBER
Canceled/invalid ISBN 0824509169 :
Terms of availability $16.95
050 00 - LIBRARY OF CONGRESS CALL NUMBER
Classification number BT205
Item number .B824 1988
082 00 - DEWEY DECIMAL CLASSIFICATION NUMBER
Classification number 232
Edition information 19
100 1# - MAIN ENTRY--PERSONAL NAME
Personal name Brock, Rita Nakashima.
245 10 - TITLE STATEMENT
Title Journeys by heart :
Remainder of title a Christology of erotic power /
Statement of responsibility, etc. Rita Nakashima Brock.
260 ## - PUBLICATION, DISTRIBUTION, ETC.
Place of publication, distribution, etc. New York :
Name of publisher, distributor, etc. Crossroad,
Date of publication, distribution, etc. 1988.
300 ## - PHYSICAL DESCRIPTION
Extent xvii, 130 p. ;
Dimensions 24 cm.
500 ## - GENERAL NOTE
General note Includes index.
650 #0 - SUBJECT ADDED ENTRY--TOPICAL TERM
Topical term or geographic name entry element Feminist theology.
942 ## - ADDED ENTRY ELEMENTS (KOHA)
Source of classification or shelving scheme Library of Congress Classification
Koha item type Books
Suppress in OPAC No
999 ## -
-- 9369
-- 9369
Holdings
Withdrawn status Lost status Source of classification or shelving scheme Damaged status Not for loan Collection Home library Current library Shelving location Date acquired Total checkouts Full call number Barcode Date last seen Price effective from Koha item type
    Library of Congress Classification     Non-fiction Main Library (Kumasi) Main Library (Kumasi) General stacks 04/21/2026   BT205.B824 BRO bssk00000102 04/21/2026 04/21/2026 Books
© 2023-2024 Copyright: Central University Libraries. All Rights Reserved | Created by: Mahone Tech Office